Noun reduplication in Comox, a Salish language of Vancouver island. (Record no. 25583)

MARC details
000 -LEADER
fixed length control field 00776cam a22002411 4500
001 - CONTROL NUMBER
control field gs 15000776
003 - CONTROL NUMBER IDENTIFIER
control field DLC
005 - DATE AND TIME OF LATEST TRANSACTION
control field 20260227111318.0
008 - FIXED-LENGTH DATA ELEMENTS--GENERAL INFORMATION
fixed length control field 741114s1915 onc b 000 0 eng
010 ## - LIBRARY OF CONGRESS CONTROL NUMBER
LC control number gs 15000776
035 ## - SYSTEM CONTROL NUMBER
System control number (OCoLC)1074930
040 ## - CATALOGING SOURCE
Original cataloging agency DLC
Transcribing agency DeU
Modifying agency NSbSU
-- DLC
042 ## - AUTHENTICATION CODE
Authentication code premarc
050 00 - LIBRARY OF CONGRESS CALL NUMBER
Classification number QE185
Item number .A2 no. 63
100 1# - MAIN ENTRY--PERSONAL NAME
Personal name Sapir, Edward,
Dates associated with a name 1884-1939.
245 10 - TITLE STATEMENT
Title Noun reduplication in Comox, a Salish language of Vancouver island.
260 ## - PUBLICATION, DISTRIBUTION, ETC.
Place of publication, distribution, etc. Ottawa,
Name of publisher, distributor, etc. Government Printing Bureau,
Date of publication, distribution, etc. 1915.
300 ## - PHYSICAL DESCRIPTION
Extent 53 p.
Dimensions 24 cm.
490 1# - SERIES STATEMENT
Series statement Geological Survey of Canada. Memoir,
Volume/sequential designation no. 63; Anthropological series no. 6
504 ## - BIBLIOGRAPHY, ETC. NOTE
Bibliography, etc. note Bibliographical footnotes.
650 #0 - SUBJECT ADDED ENTRY--TOPICAL TERM
Topical term or geographic name entry element Salish language.
830 #0 - SERIES ADDED ENTRY--UNIFORM TITLE
Uniform title Memoir (Geological Survey of Canada) ;
Volume/sequential designation 63

No items available.

Powered by Koha